Dover NH Quiz - Statistics

General Stats
  • This quiz has been taken 2 times
  • The average score is 22 of 30
Answer Stats
Hint Answer % Correct
How many football championships has DHS won? 2
100%
How many public pools are in Dover? 2
100%
How many PUBLIC elementary schools are in Dover? 3
100%
How many basketball championships has DHS won? 4
100%
How many unified championships has DHS won? 4
100%
Where does Dover rank in NH city population? 6
100%
How many hockey championships has DHS won? 8
100%
How many towns border Dover? 9
100%
Which is bigger, Dover or Portsmouth? Dover
100%
Which is closer? Exeter or Epping Epping
100%
Is Dover the oldest New England town? No
100%
Is Dover Over or Under 85 percent white? Over
100%
Is Dover Over or Under 1 percent just black? Over
100%
Which is bigger, Dover or Rochester? Rochester
100%
Is Dover Over or Under 5 percent just asian? Under
100%
Is Dover Over or Under 5 percent just Hispanic? Under
100%
Are there more men or women in Dover? Women
100%
Is Dover the oldest NH town? Yes
100%
How many baseball championships has DHS won? 0
50%
What decade was Dover established? 1620's
50%
Towns that feed into DHS Barrington and Nottingham
50%
Current mayor of Dover, (2025) Bob Carrier
50%
Longest river in Dover Cocheco River
50%
What is the mascot of DHS? Green Wave
50%
Only lake/pond in Dover Willand Pond
50%
Does Dover border another state? If yes, which one? Yes, Maine
50%
Top tourist attraction in Dover Childrens Museum
0%
Dover nickname Garrison City
0%
Name the famous swimmer from Dover that won a Olympic Gold and has a pool named after them Jenny Thompson
0%
Famous TV created here Teenage Mutant Ninja Turtles
0%
No matching quizzes found
Score Distribution
Percent of People with Each Score
Percentile by Number Answered
Your Score History
You have not taken this quiz